| 000 | 01429cam a22003494a 4500 | ||
|---|---|---|---|
| 001 | 13879736 | ||
| 003 | NUST-PNEC | ||
| 005 | 20170116180704.0 | ||
| 008 | 050222s2006 flua b 001 0 eng | ||
| 010 | _a 2005005007 | ||
| 020 | _a0824726332 | ||
| 040 |
_aDLC _cPNEC |
||
| 042 | _apcc | ||
| 050 | 0 | 0 |
_aTK7874.8 _b.S55 2006 |
| 082 | 0 | 0 | _a621.381 ODA |
| 100 |
_9285 _aOda Shunri |
||
| 245 | 0 | 0 |
_aSilicon nanoelectronics / _cedited by Shunri Oda, David Ferry. |
| 260 |
_aBoca Raton : _bTaylor & Francis, _c2006. |
||
| 300 |
_a313 p. : _bill. ; _c25 cm. |
||
| 500 | _ahttp://www.amazon.com/Silicon-Nanoelectronics-Optical-Science-Engineering/dp/0824726332/ref=sr_1_1?ie=UTF8&qid=1410762339&sr=8-1&keywords=0824726332 | ||
| 504 | _aIncludes bibliographical references and index. | ||
| 650 | 0 | _aMolecular electronics. | |
| 650 | 0 |
_aNanotechnology. _xEE |
|
| 650 | 0 | _aSilicon compounds. | |
| 700 | 1 | _aOda, Shunri. | |
| 700 | 1 | _aFerry, David K. | |
| 856 | 4 | 1 |
_3Table of contents only _uhttp://www.loc.gov/catdir/toc/ecip058/2005005007.html |
| 856 | 4 | 2 |
_3Publisher description _uhttp://www.loc.gov/catdir/enhancements/fy0648/2005005007-d.html |
| 906 |
_a7 _bcbc _corignew _d1 _eecip _f20 _gy-gencatlg |
||
| 942 |
_2ddc _cBK |
||
| 999 |
_c60644 _d60644 |
||